IFM Opac

Statistics a guide to the unknown (Record no. 16874)

MARC details
000 -LEADER
fixed length control field 00334nam a22001337a 4500
020 ## - INTERNATIONAL STANDARD BOOK NUMBER
International Standard Book Number 0816285942
082 ## - DEWEY DECIMAL CLASSIFICATION NUMBER
Classification number 519.5 STA
245 ## - TITLE STATEMENT
Title Statistics a guide to the unknown
250 ## - EDITION STATEMENT
Edition statement New york
260 ## - PUBLICATION, DISTRIBUTION, ETC.
Place of publication, distribution, etc. London
Name of publisher, distributor, etc. Holden-day,inc
Date of publication, distribution, etc. 1972
300 ## - PHYSICAL DESCRIPTION
Extent xviii,430
Other physical details ill,23cm.
650 ## - SUBJECT ADDED ENTRY--TOPICAL TERM
Topical term or geographic name entry element Statistics a guide to the unknown
942 ## - ADDED ENTRY ELEMENTS (KOHA)
Koha item type Books
Holdings
Withdrawn status Lost status Source of classification or shelving scheme Damaged status Not for loan Home library Current library Shelving location Date acquired Full call number Barcode Date last seen Price effective from Koha item type
Withdrawn   Dewey Decimal Classification     IFM Main Campus Library IFM Main Campus Library   10/07/2016 519.5 STA 0000012025 10/07/2016 10/07/2016 Books